000 01129cam a22001935a 4500
001 L158108
008 140611s2014 xxk f 000 0 eng d
035 _a(Sirsi) u158108
041 0 _aeng
110 2 _aRegisters of Scotland
_95601
245 0 0 _aRegisters of Scotland 10 year property market report
_b2004-2014[electronic resource]
260 _aEdinburgh
_cRegisters of Scotland
_b2014
521 _aReviews transactional and market data in the Scottish residential property market from 2004-2014. Provides a general overview of the residential market, an indepth view by house type, the high value residential property market, the city residential property market and general commercial activity. Annexes include data on average prices and transactional volume by local authority, average prices and transactions by city and a timeline of trends in the market in the 10 year period under review.
590 _aKA
651 4 _aScotland
690 _aResidential property
_96266
856 4 0 _uhttps://www.ros.gov.uk/press_release/RoS10yearreport.pdf
_zView the item free of charge from the www.ros.gov.uk
942 _n0
999 _c115147
_d115147